000 00587nam a2200241Ia 4500
003 0100
008 130303s9999 xx 000 0 und d
020 _a0670010707
040 _cARRUPELIB
050 _aBF173.J6623 1971C. 1
100 _aJung, Carl
245 4 _aThe Portable Jung
260 _aNew York
260 _bViking Press
260 _C1971
300 _axlii
300 _b 659p. 20cm.
650 _aPSYCHOLOGY
650 _bPsychology--History
650 _cPsychology--Methodology
700 _aCampbell, Joseph (ed.) ; Hull, R. F. C. (tr.)
942 0 0 _02
999 _c32951
_d32951